000 00927nam a2200193 a 4500
008 120416s1988 ||||||||||||||||| || u
020 _a0138112584
050 _aNA 2540.5 Bro
100 _aBrooks, R. Gene
245 1 0 _aSite planning
246 _aenvironment, process and development
260 _aEnglewood Cliffs, N.J.
_bFT Prentice-Hall
_c1988
300 _axiv, 322p. : ill.
350 _a0.00
650 _aBUILDING SITES--PLANNING
995 _aMAIN LIBRARY OPEN ACCESS
_D0.00
_e725028
_FCBU-MAIN LIBRARY (Kitwe)
_H1
_I57.80
_jNA 2540.5 Bro
_UAVAILABLE
_y010192
_ZMain Library Open Access Collection
995 _aMAIN LIBRARY OPEN ACCESS
_D0.00
_e725029
_FCBU-MAIN LIBRARY (Kitwe)
_H2
_I57.80
_jNA 2540.5 Bro
_UAVAILABLE
_y010193
_ZMain Library Open Access Collection
995 _aANNEX COLLECTION (Main Library)
_D0.00
_e725030
_FCBU-MAIN LIBRARY (Kitwe)
_H3
_I57.80
_jNA 2540.5 Bro
_M3
_UAVAILABLE
_y010194
_ZAnnex Low-Usage Collection
999 _c76521
_d76521